[Event "Wloclawek CC Classic 18th"]
[Site "Wloclawek"]
[Date "2017.??.??"]
[Round "7"]
[White "Czerwinska, Ewelina"]
[Black "Chojnicki, Edward"]
[Result "0-1"]
[WhiteElo "1205"]
[BlackElo "1800"]
[PlyCount "68"]
[EventDate "2017.04.??"]
[EventType "swiss"]
[EventRounds "7"]
[EventCountry "POL"]
[SourceTitle "EXT 2021"]
[Source "ChessBase"]
[SourceDate "2020.10.23"]
[SourceVersion "1"]
[SourceVersionDate "2020.10.23"]
[SourceQuality "1"]

1. e4 e5 2. Nf3 Nc6 3. Bb5 Nge7 4. 0-0 d6 5. h3 Bd7 6. Re1 a6 7. Ba4 h6 8. c3 Ng6 9. d4 Be7 10. d5 Na7 11. Be3 0-0 12. Nbd2 f5 13. exf5 Bxf5 14. Bc2 Qd7 15. Rc1 Nh4 16. Bxf5 Qxf5 17. Qc2 Qxc2 18. Rxc2 c6 19. dxc6 Nxc6 20. Nxh4 Bxh4 21. Nf3 Be7 22. Rd2 Rad8 23. Bb6 Rd7 24. Re4 Bd8 25. Bxd8 Rfxd8 26. Nh4 Ne7 27. Nf3 Ng6 28. h4 d5 29. Rg4 Rd6 30. h5 Nf4 31. Nxe5 Rf6 32. Rh4 Rf5 33. g4 Rxe5 34. g5 Rxg5+ 0-1

[Event "Wloclawek CC Classic 18th"]
[Site "Wloclawek"]
[Date "2017.??.??"]
[Round "4"]
[White "Czerwinska, Ewelina"]
[Black "Graczyk, Piotr"]
[Result "0-1"]
[WhiteElo "1205"]
[BlackElo "1359"]
[PlyCount "44"]
[EventDate "2017.04.??"]
[EventType "swiss"]
[EventRounds "7"]
[EventCountry "POL"]
[SourceTitle "EXT 2021"]
[Source "ChessBase"]
[SourceDate "2020.10.23"]
[SourceVersion "1"]
[SourceVersionDate "2020.10.23"]
[SourceQuality "1"]

1. e4 c5 2. Nf3 Nc6 3. d3 d6 4. g3 Nf6 5. Bg2 g6 6. 0-0 Bg7 7. c3 Rb8 8. d4 Nxe4 9. Re1 Nf6 10. d5 Na5 11. Bf4 b5 12. Nbd2 Bb7 13. Ng5 Nxd5 14. Bxd5 Bxd5 15. Re3 0-0 16. g4 e5 17. Bxe5 dxe5 18. Nxh7 Kxh7 19. Rh3+ Bh6 20. Nf3 Bxf3 21. Qxf3 Qg5 22. Rd1 Kg8 0-1

[Event "Wloclawek CC Classic 15th"]
[Site "Wloclawek"]
[Date "2016.??.??"]
[Round "6"]
[White "Czerwinska, Ewelina"]
[Black "Prokopczyk, Jakub"]
[Result "1-0"]
[WhiteElo "1191"]
[BlackElo "1000"]
[PlyCount "69"]
[EventDate "2016.01.??"]
[EventType "swiss"]
[EventRounds "7"]
[EventCountry "POL"]
[SourceTitle "EXT 2021"]
[Source "ChessBase"]
[SourceDate "2020.10.23"]
[SourceVersion "1"]
[SourceVersionDate "2020.10.23"]
[SourceQuality "1"]

1. e4 e5 2. Nf3 Nc6 3. Bb5 d6 4. 0-0 Bd7 5. Re1 a6 6. Ba4 Nd4 7. Bxd7+ Qxd7 8. Nxd4 exd4 9. d3 0-0-0 10. Bf4 d5 11. Nd2 dxe4 12. Nxe4 Nf6 13. Nxf6 gxf6 14. Qf3 Bd6 15. Re4 Bxf4 16. Rxf4 Qd5 17. Rxf6 Rhf8 18. h3 Rd6 19. Qxd5 Rxd5 20. Re1 Rd6 21. Rxd6 cxd6 22. Re4 Kd7 23. Rxd4 Ke6 24. Kf1 Ke5 25. c3 Re8 26. Re4+ Kf6 27. Rxe8 b5 28. Ra8 Ke5 29. Rxa6 d5 30. Rb6 b4 31. Rxb4 f5 32. a4 f4 33. a5 Kd6 34. a6 Kc7 35. a7 1-0

[Event "POL-chT4 Kujawsko-Pomorskie 1516"]
[Site "Poland"]
[Date "2015.11.22"]
[Round "2"]
[White "Wieczorek, Mateusz1111"]
[Black "Czerwinska, Ewelina"]
[Result "1-0"]
[WhiteElo "1266"]
[BlackElo "1191"]
[PlyCount "51"]
[EventDate "2015.11.08"]
[EventType "team-tourn"]
[EventRounds "11"]
[EventCountry "POL"]
[SourceTitle "EXT 2019"]
[Source "ChessBase"]
[SourceDate "2018.10.10"]
[SourceVersion "1"]
[SourceVersionDate "2018.10.10"]
[SourceQuality "1"]

1. e4 e5 2. Nf3 Nc6 3. Bb5 a6 4. Ba4 Nf6 5. 0-0 Be7 6. Re1 b5 7. Bb3 d6 8. c3 0-0 9. d4 Bg4 10. Be3 Nxe4 11. Bd5 Nxf2 12. Bxf2 Qd7 13. h3 Be6 14. Bxe6 fxe6 15. dxe5 Rf5 16. exd6 Bxd6 17. Bg3 Raf8 18. Bxd6 Rd5 19. Qe2 Rxd6 20. Na3 e5 21. Nxe5 Nxe5 22. Qxe5 Rd2 23. Re2 Rd1+ 24. Rxd1 Qxd1+ 25. Re1 Qc2 26. Nxc2 1-0

[Event "Wloclawek-ch"]
[Site "Wloclawek"]
[Date "2015.??.??"]
[Round "7"]
[White "Augustowski, Janusz"]
[Black "Czerwinska, Ewelina"]
[Result "1-0"]
[WhiteElo "1744"]
[BlackElo "1217"]
[PlyCount "45"]
[EventDate "2015.09.??"]
[EventType "swiss"]
[EventRounds "9"]
[EventCountry "POL"]
[SourceTitle "EXT 2021"]
[Source "ChessBase"]
[SourceDate "2020.10.23"]
[SourceVersion "1"]
[SourceVersionDate "2020.10.23"]
[SourceQuality "1"]

1. Nf3 Nf6 2. d4 d5 3. c4 e6 4. Nc3 c5 5. cxd5 Nxd5 6. e4 Nxc3 7. bxc3 cxd4 8. cxd4 Be7 9. Be2 b6 10. Bb5+ Bd7 11. Qa4 0-0 12. 0-0 a6 13. Bxd7 Nxd7 14. Qb3 b5 15. a4 b4 16. a5 Rb8 17. Bf4 Rb5 18. Qc4 Rxa5 19. Bc7 Rxa1 20. Bxd8 Rxf1+ 21. Kxf1 Bxd8 22. Qxa6 Be7 23. Nd2 1-0

[Event "Wloclawek CC Classic 14th"]
[Site "Wloclawek"]
[Date "2015.??.??"]
[Round "2"]
[White "Czerwinska, Ewelina"]
[Black "Krasucki, Piotr"]
[Result "0-1"]
[WhiteElo "1287"]
[BlackElo "1555"]
[PlyCount "78"]
[EventDate "2015.06.??"]
[EventType "swiss"]
[EventRounds "7"]
[EventCountry "POL"]
[SourceTitle "EXT 2021"]
[Source "ChessBase"]
[SourceDate "2020.10.23"]
[SourceVersion "1"]
[SourceVersionDate "2020.10.23"]
[SourceQuality "1"]

1. e4 c5 2. Nc3 Nc6 3. g3 e6 4. Bg2 Nf6 5. Nge2 Be7 6. 0-0 0-0 7. d3 d5 8. Nf4 d4 9. Nce2 e5 10. Nd5 Nxd5 11. exd5 Nb4 12. c4 dxc3 13. Nxc3 Bd6 14. Be3 b6 15. a3 Na6 16. Ne4 Bb7 17. Nxd6 Qxd6 18. f4 f6 19. Qg4 Bxd5 20. Bxd5+ Qxd5 21. fxe5 fxe5 22. Bh6 Qd4+ 23. Qxd4 exd4 24. Bf4 Rae8 25. Rae1 h6 26. h4 Rxe1 27. Rxe1 Kf7 28. Kf2 h5 29. Re5 g6 30. Bg5 Re8 31. Rd5 Ke6 32. Rd8 Rxd8 33. Bxd8 Kd5 34. Kf3 c4 35. dxc4+ Kxc4 36. Bg5 Nc5 37. Bd2 Kb3 38. Kf4 Kxb2 39. Kg5 Ne4+ 0-1

[Event "Wloclawek-ch"]
[Site "Wloclawek"]
[Date "2015.??.??"]
[Round "2"]
[White "Milecki, Robert"]
[Black "Czerwinska, Ewelina"]
[Result "1-0"]
[WhiteElo "1539"]
[BlackElo "1217"]
[PlyCount "45"]
[EventDate "2015.09.??"]
[EventType "swiss"]
[EventRounds "9"]
[EventCountry "POL"]
[SourceTitle "EXT 2021"]
[Source "ChessBase"]
[SourceDate "2020.10.23"]
[SourceVersion "1"]
[SourceVersionDate "2020.10.23"]
[SourceQuality "1"]

1. e4 e5 2. Nf3 Nc6 3. Bb5 a6 4. Ba4 b5 5. Bb3 Nf6 6. 0-0 Be7 7. Re1 d6 8. c3 Na5 9. Bc2 c5 10. d4 cxd4 11. cxd4 Bg4 12. dxe5 Bxf3 13. Qxf3 dxe5 14. Nc3 0-0 15. Be3 Nc6 16. Red1 Bd6 17. Bb3 Qc7 18. Rac1 Qb7 19. Rxd6 Ne7 20. Rcd1 b4 21. Nd5 Nfxd5 22. Bxd5 Nxd5 23. exd5 1-0

[Event "Wloclawek CC Classic 14th"]
[Site "Wloclawek"]
[Date "2015.??.??"]
[Round "3"]
[White "Muzalewski, Slawomir"]
[Black "Czerwinska, Ewelina"]
[Result "1-0"]
[WhiteElo "1800"]
[BlackElo "1287"]
[PlyCount "59"]
[EventDate "2015.06.??"]
[EventType "swiss"]
[EventRounds "7"]
[EventCountry "POL"]
[SourceTitle "EXT 2021"]
[Source "ChessBase"]
[SourceDate "2020.10.23"]
[SourceVersion "1"]
[SourceVersionDate "2020.10.23"]
[SourceQuality "1"]

1. e4 e5 2. Nf3 Nc6 3. Bc4 Bc5 4. c3 d6 5. h3 Nf6 6. b4 Bb6 7. d3 h6 8. a4 a5 9. b5 Na7 10. Qb3 0-0 11. g4 Kh7 12. Bxf7 Qe7 13. g5 Rxf7 14. gxf6 Qxf6 15. Nbd2 Be6 16. Qc2 Nc8 17. Bb2 Ne7 18. d4 Ng6 19. 0-0-0 Raf8 20. h4 Bg4 21. Ng5+ Kg8 22. Nxf7 Bxd1 23. Nxh6+ gxh6 24. Qxd1 Qxf2 25. Rg1 Kh7 26. Qg4 Qf6 27. h5 Nf4 28. dxe5 dxe5 29. Rg3 Rf7 30. Qg8# 1-0

[Event "Wloclawek-ch"]
[Site "Wloclawek"]
[Date "2015.??.??"]
[Round "9"]
[White "Rafalski, Kacper"]
[Black "Czerwinska, Ewelina"]
[Result "1-0"]
[WhiteElo "1517"]
[BlackElo "1217"]
[PlyCount "75"]
[EventDate "2015.09.??"]
[EventType "swiss"]
[EventRounds "9"]
[EventCountry "POL"]
[SourceTitle "EXT 2021"]
[Source "ChessBase"]
[SourceDate "2020.10.23"]
[SourceVersion "1"]
[SourceVersionDate "2020.10.23"]
[SourceQuality "1"]

1. e4 e5 2. Nf3 Nc6 3. Nc3 Nf6 4. d4 exd4 5. Nxd4 Nxd4 6. Qxd4 d6 7. Bg5 Be7 8. f4 c5 9. Bb5+ Bd7 10. Bxd7+ Qxd7 11. Qd3 h6 12. Bxf6 Bxf6 13. 0-0-0 0-0-0 14. Nb5 Be7 15. Nxa7+ Kc7 16. Nb5+ Kc6 17. Nc3 Rb8 18. Qb5+ Kc7 19. Nd5+ Kd8 20. Qb6+ Ke8 21. Nxe7 Kxe7 22. e5 Qc6 23. exd6+ Kd7 24. Qxc6+ Kxc6 25. Rhe1 Rbd8 26. Re7 Rhf8 27. a4 Rxd6 28. Rxd6+ Kxd6 29. Rxb7 Kc6 30. Re7 g5 31. f5 h5 32. f6 Kd6 33. Kd2 Rd8 34. Kc3 Rb8 35. Rxf7 Ke6 36. Rc7 Kxf6 37. Rxc5 Re8 38. a5 1-0

[Event "Wloclawek-ch"]
[Site "Wloclawek"]
[Date "2014.??.??"]
[Round "7"]
[White "Czerwinska, Ewelina"]
[Black "Lebiedzinski, Maciej"]
[Result "0-1"]
[WhiteElo "1287"]
[BlackElo "1486"]
[PlyCount "98"]
[EventDate "2014.09.??"]
[EventType "swiss"]
[EventRounds "9"]
[EventCountry "POL"]
[SourceTitle "EXT 2021"]
[Source "ChessBase"]
[SourceDate "2020.10.23"]
[SourceVersion "1"]
[SourceVersionDate "2020.10.23"]
[SourceQuality "1"]

1. e4 c5 2. Nc3 Nc6 3. g3 e5 4. Bg2 Nf6 5. d3 Be7 6. Nge2 d6 7. 0-0 0-0 8. f4 Bg4 9. f5 a6 10. h3 Bxe2 11. Nxe2 b5 12. g4 Nd7 13. Ng3 Bh4 14. Kh2 Qe7 15. Be3 Rad8 16. Qd2 f6 17. Rg1 Rf7 18. Raf1 Kh8 19. Bf3 Rg8 20. Nh5 g6 21. g5 gxh5 22. g6 Rfg7 23. Bh6 hxg6 24. Bxg7+ Rxg7 25. Rxg6 Bg5 26. Qf2 Rxg6 27. fxg6 h4 28. Bg4 Nf8 29. Bf5 Kg7 30. b3 Nd4 31. c3 Nde6 32. b4 Nf4 33. Qc2 N8xg6 34. bxc5 dxc5 35. c4 b4 36. Ra1 Nh5 37. a3 Bf4+ 38. Kg2 Bg3 39. axb4 Ngf4+ 40. Kf1 Qd6 41. bxc5 Qxc5 42. Rxa6 Nxd3 43. Bg4 Nb4 44. Ra7+ Qxa7 45. Qe2 Qa1+ 46. Qd1 Qxd1+ 47. Bxd1 Nf4 48. c5 Nfd3 49. Ke2 Nxc5 0-1

[Event "Wloclawek CC Classic 11th"]
[Site "Wloclawek"]
[Date "2014.??.??"]
[Round "1"]
[White "Czerwinska, Ewelina"]
[Black "Narazinski, Krzysztof"]
[Result "0-1"]
[WhiteElo "1299"]
[BlackElo "1000"]
[PlyCount "128"]
[EventDate "2014.06.??"]
[EventType "swiss"]
[EventRounds "7"]
[EventCountry "POL"]
[SourceTitle "EXT 2021"]
[Source "ChessBase"]
[SourceDate "2020.10.23"]
[SourceVersion "1"]
[SourceVersionDate "2020.10.23"]
[SourceQuality "1"]

1. e4 e5 2. Nf3 Nc6 3. Nc3 Nf6 4. d3 Bb4 5. Bd2 d6 6. Be2 0-0 7. 0-0 Be6 8. a3 Bxc3 9. Bxc3 Qe7 10. Qd2 Rad8 11. Rad1 Bg4 12. h3 Bxf3 13. Bxf3 Nd4 14. Bxd4 exd4 15. Qb4 c5 16. Qb3 b6 17. c3 Rc8 18. cxd4 cxd4 19. Rc1 Qd7 20. Qb4 d5 21. Qxd4 dxe4 22. Qxd7 Nxd7 23. Bxe4 f5 24. Bd5+ Kh8 25. d4 Rfe8 26. Bc6 Rc7 27. d5 Rd8 28. Rfe1 Nf6 29. b4 h6 30. Red1 Nxd5 31. Bxd5 Rxc1 32. Rxc1 Rxd5 33. Rc7 a5 34. Rc6 axb4 35. axb4 Rb5 36. Rc4 Kg8 37. g4 fxg4 38. hxg4 Kf7 39. Kg2 Kf6 40. f4 g5 41. f5 Ke5 42. Kf3 Rd5 43. Re4+ Kf6 44. Re6+ Kg7 45. Rxb6 Rd3+ 46. Ke4 Rg3 47. f6+ Kg6 48. b5 Rxg4+ 49. Ke5 Rf4 50. Rd6 Rf5+ 51. Ke6 Rxb5 52. Ke7 Rb7+ 53. Ke6 Rf7 54. Ke5 h5 55. Re6 h4 56. Rd6 h3 57. Rd3 Rxf6 58. Rxh3 Rf5+ 59. Ke4 g4 60. Rg3 Kg5 61. Ke3 Kh4 62. Rg1 g3 63. Ke2 Rf2+ 64. Ke1 Kh3 0-1

[Event "Wloclawek CC Classic 11th"]
[Site "Wloclawek"]
[Date "2014.??.??"]
[Round "6"]
[White "Czerwinska, Ewelina"]
[Black "Wieckowska, Oliwia"]
[Result "1-0"]
[WhiteElo "1299"]
[BlackElo "1400"]
[PlyCount "115"]
[EventDate "2014.06.??"]
[EventType "swiss"]
[EventRounds "7"]
[EventCountry "POL"]
[SourceTitle "EXT 2021"]
[Source "ChessBase"]
[SourceDate "2020.10.23"]
[SourceVersion "1"]
[SourceVersionDate "2020.10.23"]
[SourceQuality "1"]

1. d4 d5 2. c4 e6 3. Nf3 c5 4. e3 Nc6 5. Nc3 Nf6 6. Be2 b6 7. 0-0 Bb7 8. Qc2 Be7 9. Bd2 0-0 10. Rac1 a6 11. a4 Nb4 12. Qb1 Qd7 13. b3 Rfc8 14. cxd5 exd5 15. Na2 Nxa2 16. Qxa2 Rc7 17. Ne5 Qd6 18. Bc3 Ne4 19. Qc2 Nxc3 20. Qxc3 Rac8 21. Qd2 f6 22. Nf3 Qd7 23. Bd3 b5 24. axb5 axb5 25. dxc5 Rxc5 26. Rxc5 Rxc5 27. Nd4 Qe8 28. Bf5 Bc8 29. Rc1 Rxc1+ 30. Qxc1 Bxf5 31. Nxf5 Qf7 32. Qd2 Qe6 33. Qxd5 Kf7 34. Qxb5 g6 35. Nxe7 Qxe7 36. Kf1 Qd6 37. Qc4+ Kg7 38. Ke2 Qxh2 39. g3 Qh5+ 40. Ke1 Qh1+ 41. Qf1 Qe4 42. Qc4 Qh1+ 43. Kd2 Qf3 44. Qf4 Qd5+ 45. Kc3 Qc5+ 46. Qc4 Qe5+ 47. Qd4 Qa5+ 48. b4 Qa3+ 49. Kc4 Qa6+ 50. b5 Qa4+ 51. Kc5 Qa7+ 52. b6 Qa5+ 53. Kc6 Qa8+ 54. b7 Qb8 55. Qd7+ Kh6 56. Qc8 Qe5 57. b8Q Qxb8 58. Qxb8 1-0

[Event "Wloclawek CC Classic 11th"]
[Site "Wloclawek"]
[Date "2014.??.??"]
[Round "5"]
[White "Sztuka, Cezary"]
[Black "Czerwinska, Ewelina"]
[Result "1-0"]
[WhiteElo "1600"]
[BlackElo "1299"]
[PlyCount "117"]
[EventDate "2014.06.??"]
[EventType "swiss"]
[EventRounds "7"]
[EventCountry "POL"]
[SourceTitle "EXT 2021"]
[Source "ChessBase"]
[SourceDate "2020.10.23"]
[SourceVersion "1"]
[SourceVersionDate "2020.10.23"]
[SourceQuality "1"]

1. e4 e5 2. Nf3 Nc6 3. Bc4 Bc5 4. c3 d6 5. d4 exd4 6. cxd4 Bb6 7. 0-0 Qe7 8. Re1 h6 9. d5 Ne5 10. Bb5+ Bd7 11. Bxd7+ Qxd7 12. Be3 Nf6 13. h3 0-0 14. Nxe5 dxe5 15. Nd2 c6 16. Nc4 Bxe3 17. Rxe3 Rfe8 18. Qe2 b5 19. Nd2 cxd5 20. exd5 Qxd5 21. Nf3 Nd7 22. Rd1 Qc6 23. Nxe5 Nxe5 24. Rxe5 Rxe5 25. Qxe5 Re8 26. Qd4 a6 27. Kf1 Kf8 28. Qd6+ Qxd6 29. Rxd6 Re6 30. Rd8+ Ke7 31. Rg8 g6 32. g4 Kf6 33. Ra8 Kg5 34. Ra7 Rf6 35. Kg2 h5 36. Kg3 h4+ 37. Kg2 Kf4 38. Re7 g5 39. f3 Re6 40. Rxf7+ Ke3 41. Rf5 Rc6 42. Re5+ Kd3 43. Rd5+ Kc2 44. b3 Kb2 45. Rd2+ Ka3 46. Kf2 Rc1 47. Ke3 Ra1 48. f4 gxf4+ 49. Kxf4 Rxa2 50. Rxa2+ Kxa2 51. b4 Kb3 52. g5 Kxb4 53. g6 Ka4 54. g7 b4 55. g8Q b3 56. Qe8+ Ka3 57. Qe7+ Ka2 58. Qe6 a5 59. Qd5 1-0

[Event "Wloclawek-ch"]
[Site "Wloclawek"]
[Date "2014.??.??"]
[Round "6"]
[White "Sztuka, Cezary"]
[Black "Czerwinska, Ewelina"]
[Result "1/2-1/2"]
[WhiteElo "1600"]
[BlackElo "1287"]
[PlyCount "50"]
[EventDate "2014.09.??"]
[EventType "swiss"]
[EventRounds "9"]
[EventCountry "POL"]
[SourceTitle "EXT 2021"]
[Source "ChessBase"]
[SourceDate "2020.10.23"]
[SourceVersion "1"]
[SourceVersionDate "2020.10.23"]
[SourceQuality "1"]

1. e4 e5 2. Nf3 Nc6 3. Bc4 Bc5 4. c3 Nf6 5. d4 exd4 6. cxd4 Bb4+ 7. Bd2 Bxd2+ 8. Nbxd2 d5 9. exd5 Nxd5 10. 0-0 0-0 11. Ne5 Nce7 12. Nb3 b6 13. Re1 Bb7 14. Rc1 Qd6 15. Re3 Nxe3 16. fxe3 Ng6 17. Qh5 Nxe5 18. dxe5 Qe7 19. Rf1 Rae8 20. Nd4 Bc8 21. Nc6 Qd7 22. Nb8 Qe7 23. Nc6 Qd7 24. Nb8 Qe7 25. Nc6 Qd7 1/2-1/2

[Event "Wloclawek CC Classic 03rd"]
[Site "Wloclawek"]
[Date "2012.??.??"]
[Round "1"]
[White "Czerwinska, Ewelina"]
[Black "Augustowski, Janusz"]
[Result "0-1"]
[WhiteElo "1250"]
[BlackElo "1981"]
[PlyCount "80"]
[EventDate "2012.02.??"]
[EventType "swiss"]
[EventRounds "7"]
[EventCountry "POL"]
[SourceTitle "EXT 2021"]
[Source "ChessBase"]
[SourceDate "2020.10.23"]
[SourceVersion "1"]
[SourceVersionDate "2020.10.23"]
[SourceQuality "1"]

1. e4 e5 2. Nf3 Nc6 3. Be2 Bc5 4. 0-0 Nge7 5. d3 0-0 6. Be3 Bb6 7. c4 d6 8. Nc3 f5 9. exf5 Nxf5 10. Bxb6 axb6 11. Rb1 Ncd4 12. a4 Bd7 13. b4 Bc6 14. b5 Nxe2+ 15. Qxe2 Nd4 16. Nxd4 exd4 17. bxc6 dxc3 18. Ra1 bxc6 19. Qc2 Qf6 20. Rfc1 Ra5 21. Qxc3 Qxf2+ 22. Kh1 Rxa4 23. Qe1 Rxa1 24. Rxa1 Qxe1+ 25. Rxe1 Kf7 26. g4 Re8 27. Rf1+ Ke6 28. Kg2 Re7 29. Kg3 Rf7 30. Re1+ Kd7 31. h4 c5 32. h5 Re7 33. Rd1 g5 34. hxg6 hxg6 35. Kf4 Re5 36. g5 Kc6 37. Rd2 Rf5+ 38. Kg4 b5 39. cxb5+ Kxb5 40. Rb2+ Kc6 0-1

[Event "Wloclawek CC Classic 04th"]
[Site "Wloclawek"]
[Date "2012.??.??"]
[Round "1"]
[White "Czerwinska, Ewelina"]
[Black "Kaczynski, Maciej"]
[Result "0-1"]
[WhiteElo "1250"]
[BlackElo "1800"]
[PlyCount "24"]
[EventDate "2012.04.??"]
[EventType "swiss"]
[EventRounds "7"]
[EventCountry "POL"]
[SourceTitle "EXT 2021"]
[Source "ChessBase"]
[SourceDate "2020.10.23"]
[SourceVersion "1"]
[SourceVersionDate "2020.10.23"]
[SourceQuality "1"]

1. e4 c5 2. Nc3 Nc6 3. Nf3 a6 4. b3 g6 5. d4 Bg7 6. Be3 cxd4 7. Nxd4 Qa5 8. Qd2 b5 9. Nb1 Qxd2+ 10. Nxd2 Bxd4 11. Bxd4 Nxd4 12. c4 Nc2+ 0-1

[Event "Wloclawek CC Classic 05th"]
[Site "Wloclawek"]
[Date "2012.??.??"]
[Round "3"]
[White "Czerwinska, Ewelina"]
[Black "Kujawski, Szymon"]
[Result "0-1"]
[WhiteElo "1250"]
[BlackElo "1400"]
[PlyCount "126"]
[EventDate "2012.06.??"]
[EventType "swiss"]
[EventRounds "7"]
[EventCountry "POL"]
[SourceTitle "EXT 2021"]
[Source "ChessBase"]
[SourceDate "2020.10.23"]
[SourceVersion "1"]
[SourceVersionDate "2020.10.23"]
[SourceQuality "1"]

1. e4 e5 2. Nf3 Nc6 3. Bb5 a6 4. Ba4 b5 5. Bb3 d6 6. c3 Nf6 7. d3 Be7 8. 0-0 Bg4 9. h3 Bh5 10. Be3 Na5 11. Bc2 c5 12. Nbd2 Nc6 13. Re1 0-0 14. a3 a5 15. Qb1 Qb8 16. d4 cxd4 17. cxd4 h6 18. Bd3 b4 19. axb4 Nxb4 20. dxe5 dxe5 21. Nc4 Nd7 22. Rxa5 Rxa5 23. Nxa5 Nxd3 24. Qxd3 Rd8 25. Nc6 Nc5 26. Nxe7+ Kh7 27. Nc6 Nxd3 28. Nxb8 Nxe1 29. Nxe1 Rxb8 30. Nd3 f6 31. b4 Be2 32. Nc1 Ba6 33. Bc5 Rd8 34. Kh2 Rd1 35. Nb3 Rb1 36. Na5 g5 37. g4 Rb2 38. Kg3 Rd2 39. Kg2 Kg6 40. Nc6 Bb7 41. b5 Rc2 42. Ne7+ Kf7 43. Bd6 Bxe4+ 44. Kf1 Rb2 45. Nc6 Bd3+ 46. Kg2 Bxb5 47. Nb4 Rd2 48. Bc5 Kg6 49. Kg3 e4 50. Kg2 Rb2 51. Nd5 Bc6 52. Ne3 Kf7 53. Bd4 Rd2 54. Bc5 Ke6 55. Bb4 Re2 56. Bc3 Bd7 57. Kg3 Kf7 58. Bd4 Kg6 59. Bc3 f5 60. gxf5+ Bxf5 61. Bb4 h5 62. f3 Rb2 63. Bc5 h4# 0-1

[Event "Wloclawek CC Classic 03rd"]
[Site "Wloclawek"]
[Date "2012.??.??"]
[Round "7"]
[White "Czerwinska, Ewelina"]
[Black "Lyczko, Piotr"]
[Result "1-0"]
[WhiteElo "1250"]
[BlackElo "1000"]
[PlyCount "115"]
[EventDate "2012.02.??"]
[EventType "swiss"]
[EventRounds "7"]
[EventCountry "POL"]
[SourceTitle "EXT 2021"]
[Source "ChessBase"]
[SourceDate "2020.10.23"]
[SourceVersion "1"]
[SourceVersionDate "2020.10.23"]
[SourceQuality "1"]

1. e4 c5 2. Nc3 Nf6 3. Nf3 Nc6 4. d4 cxd4 5. Nxd4 e5 6. Nxc6 bxc6 7. Bc4 g6 8. Be3 Bb7 9. Qf3 d5 10. exd5 cxd5 11. Bb5+ Nd7 12. Nxd5 Qa5+ 13. c3 Qxb5 14. Nc7+ Kd8 15. Nxb5 Bxf3 16. gxf3 Rb8 17. Nxa7 Rxb2 18. 0-0 Bc5 19. Bxc5 Nxc5 20. Nc6+ Kc7 21. Nxe5 f5 22. Rfb1 Rc2 23. Rc1 Rb2 24. a4 Nb3 25. Rab1 Rxb1 26. Rxb1 Re8 27. Rxb3 Rxe5 28. Ra3 Kb6 29. Kf1 h5 30. f4 Rc5 31. Ke2 Rd5 32. c4 Rd8 33. a5+ Kc5 34. Ra4 Ra8 35. Kd3 Kc6 36. a6 Kb6 37. a7 Rxa7 38. Rxa7 Kxa7 39. Kd4 Kb6 40. Kd5 h4 41. Kd6 Kb7 42. Kd7 Kb6 43. Ke6 Kc5 44. Kf6 Kxc4 45. Kxg6 Kd5 46. Kxf5 Kd6 47. Kf6 h3 48. f5 Kd5 49. Kf7 Ke5 50. f6 Kf5 51. Kg7 Kg5 52. f7 Kh4 53. f8Q Kh5 54. Kf6 Kg4 55. Ke5 Kg5 56. Qg8+ Kh4 57. Kf5 Kh5 58. Qg5# 1-0

[Event "Wloclawek-ch"]
[Site "Wloclawek"]
[Date "2012.??.??"]
[Round "9"]
[White "Czerwinska, Ewelina"]
[Black "Milecki, Robert"]
[Result "0-1"]
[WhiteElo "1400"]
[BlackElo "1800"]
[PlyCount "62"]
[EventDate "2012.09.??"]
[EventType "swiss"]
[EventRounds "9"]
[EventCountry "POL"]
[SourceTitle "EXT 2021"]
[Source "ChessBase"]
[SourceDate "2020.10.23"]
[SourceVersion "1"]
[SourceVersionDate "2020.10.23"]
[SourceQuality "1"]

1. e4 c5 2. Nc3 Nc6 3. g3 d6 4. Bg2 Nf6 5. Nf3 e6 6. 0-0 Be7 7. d4 cxd4 8. Nxd4 Bd7 9. Be3 0-0 10. a3 a6 11. b4 Qc7 12. Nce2 Ne5 13. c3 Nc4 14. Qd3 b5 15. f4 Rac8 16. Nf3 Bc6 17. Nd2 Nxd2 18. Bxd2 Qb7 19. Nd4 Bxe4 20. Bxe4 Qxe4 21. Qxe4 Nxe4 22. Rac1 Nxd2 23. Rf2 Ne4 24. Rfc2 Bf6 25. Kg2 d5 26. f5 Rc4 27. fxe6 Bxd4 28. cxd4 fxe6 29. h3 Rfc8 30. Rxc4 Rxc4 31. Rd1 Rc3 0-1

[Event "Wloclawek CC Classic 05th"]
[Site "Wloclawek"]
[Date "2012.??.??"]
[Round "7"]
[White "Czerwinska, Ewelina"]
[Black "Pitula, Adam"]
[Result "0-1"]
[WhiteElo "1250"]
[BlackElo "1376"]
[PlyCount "50"]
[EventDate "2012.06.??"]
[EventType "swiss"]
[EventRounds "7"]
[EventCountry "POL"]
[SourceTitle "EXT 2021"]
[Source "ChessBase"]
[SourceDate "2020.10.23"]
[SourceVersion "1"]
[SourceVersionDate "2020.10.23"]
[SourceQuality "1"]

1. e4 e5 2. Nf3 Nc6 3. Nc3 Bb4 4. a3 Ba5 5. d4 exd4 6. Nxd4 Bxc3+ 7. bxc3 Ne5 8. Bd3 d6 9. 0-0 Bd7 10. Be3 Nf6 11. f4 Neg4 12. Qf3 Nxe3 13. Qxe3 Ng4 14. Qg3 h5 15. h3 h4 16. Qf3 Nf6 17. f5 c5 18. Ne2 Bc6 19. Nf4 Qa5 20. c4 Kd7 21. Qe3 Rae8 22. Nd5 Bxd5 23. cxd5 c4 24. Bxc4 Rxe4 25. Qd3 Qc5+ 0-1

[Event "Wloclawek-ch"]
[Site "Wloclawek"]
[Date "2012.??.??"]
[Round "8"]
[White "Czerwinska, Ewelina"]
[Black "Wieckowska, Oliwia"]
[Result "1-0"]
[WhiteElo "1400"]
[BlackElo "1400"]
[PlyCount "119"]
[EventDate "2012.09.??"]
[EventType "swiss"]
[EventRounds "9"]
[EventCountry "POL"]
[SourceTitle "EXT 2021"]
[Source "ChessBase"]
[SourceDate "2020.10.23"]
[SourceVersion "1"]
[SourceVersionDate "2020.10.23"]
[SourceQuality "1"]

1. e4 e5 2. Nf3 Nc6 3. Bb5 a6 4. Ba4 b5 5. Bb3 Nf6 6. d3 Bc5 7. 0-0 0-0 8. Re1 d6 9. c4 bxc4 10. Bxc4 Be6 11. Nbd2 Bxc4 12. Nxc4 Qd7 13. Be3 Bd4 14. Nxd4 exd4 15. Bg5 Qe6 16. Qf3 Nb4 17. Re2 Nd7 18. a3 Nc6 19. Rae1 Nc5 20. e5 d5 21. Nd2 Rab8 22. b4 Na4 23. Nb1 Na7 24. Qg3 h6 25. Bd2 Nb5 26. f4 Nac3 27. Nxc3 Nxc3 28. Bxc3 dxc3 29. d4 Qc6 30. Rc2 Qc4 31. Qxc3 Qxc3 32. Rxc3 Rfc8 33. Rec1 Rb7 34. Rc5 Kf8 35. Rxd5 Ke7 36. Rdc5 Kd7 37. f5 Rb5 38. Rxb5 axb5 39. Rc5 c6 40. Kf2 g6 41. fxg6 fxg6 42. g4 Rb8 43. Kf3 Rb6 44. Kf4 Ra6 45. Rc3 Ra8 46. g5 Rf8+ 47. Kg4 h5+ 48. Kh3 Rf4 49. Rd3 Ke6 50. Kg3 Kf5 51. Rf3 Rxf3+ 52. Kxf3 Kxg5 53. Ke4 Kg4 54. e6 Kh3 55. e7 Kxh2 56. e8Q h4 57. Qxg6 h3 58. Kf3 Kh1 59. Kf2 Kh2 60. Qg1# 1-0